| 000 | 00000nas 2200000zi 4500 |
| 001 | 9.896852 |
| 003 | CaOODSP |
| 005 | 20240402092429 |
| 006 | m o d f |
| 007 | cr ||||||||||| |
| 008 | 210223d19801982oncar p os f0###b0fre|d |
| 040 | |aCaOODSP|bfre|erda|cCaOODSP |
| 043 | |an-cn--- |
| 086 | 1 |aC1-36F-PDF |
| 245 | 04|aLes Industries de l'électricité et de l'électronique, résumé des statistiques. |
| 264 | 1|aOttawa : |bGouvernement du Canada, Expansion industrielle régionale = Government of Canada, Regional Industrial Expansion, |c[1981?]-1983. |
| 310 | |aAnnual |
| 336 | |atexte|btxt|2rdacontent/fre |
| 337 | |ainformatique|bc|2rdamedia/fre |
| 338 | |aressource en ligne|bcr|2rdacarrier/fre |
| 362 | 1 |aParaît depuis 1980 ; ne paraît plus après 1983 |
| 500 | |aÉdition numérisée de l'imprimé [par Innovation, Sciences et Développement économique Canada]. |
| 500 | |aPublié aussi en anglais sous le titre : Electrical & electronics industries, statistical summary. |
| 500 | |aEn majeure partie des tableaux. |
| 500 | |aTitre de la couverture. |
| 588 | |aDescription d'après : 1980. |
| 588 | |aDernière livraison consultée : 1982. |
| 650 | 6|aIndustries électriques|zCanada|vStatistiques|vPériodiques. |
| 650 | 6|aIndustries électroniques|zCanada|vStatistiques|vPériodiques. |
| 655 | 7|aStatistiques|2rvmgf |
| 655 | 7|aPériodiques|2rvmgf |
| 710 | 1 |aCanada. |bMinistère de l'expansion industrielle régionale, |eOrganisme de publication. |
| 775 | 08|tElectrical & electronics industries statistical summary.|w(CaOODSP)9.896850 |